| 000 | 00860cam a22002535a 4500 | ||
|---|---|---|---|
| 001 | 16860701 | ||
| 005 | 20171119121358.0 | ||
| 008 | 110707t2011 gaua frb 000 0 eng d | ||
| 020 | _a9780984481705 | ||
| 020 | _a0984481702 | ||
| 040 |
_aCMI _cCMI _dCMI _dRIC _dQBX _dDLC _dEG-ScBUE _beng |
||
| 082 | 0 | 4 |
_a616.85263 _222 _bHAN |
| 100 | 1 |
_aHansen, Kathryn, _d1982- |
|
| 245 | 1 | 0 |
_aBrain over binge : _bwhy I was bulimic, why conventional therapy didn't work, and how I recovered for good / _cKathryn Hansen. |
| 260 |
_aColumbus : _bCamellia Publishing, _cc.2011. |
||
| 300 |
_axv, 309 p. : _bill. ; _c22 cm. |
||
| 504 | _aIncludes bibliographic references. | ||
| 600 | 1 | 0 |
_aHansen, Kathryn, _d1982- |
| 650 | 7 |
_aBulimia. _2BUEsh |
|
| 650 | 7 |
_aEating disorders _xTreatment. _2BUEsh |
|
| 653 |
_bGGEN _cNovember2017 |
||
| 655 |
_vReading book _934232 |
||
| 942 | _2ddc | ||
| 999 |
_c25612 _d25584 |
||